La construcción metodológica en a investigación cualtiativa: un acercamiento al campo de la subjetividad /
Conferencia sobre cuestiones metodológicas que atañen a la investigación cualitativa. Se plantean nociones tales como la multirreferencialidad, el uso de un modelo cualitativo como una decisión ideológica y epistemológica, más que técnica, y una breve reseña de los modelos existentes. Se concluye qu...
Guardat en:
| Autor principal: | |
|---|---|
| Format: | Text |
| Matèries: | |
| Etiquetes: |
Afegir etiqueta
Sense etiquetes, Sigues el primer a etiquetar aquest registre!
|
MARC
| LEADER | 00000 a a2200000 04500 | ||
|---|---|---|---|
| 001 | 41384 | ||
| 003 | |||
| 040 | |||
| 100 | |a Bedacarrastx, Valeria de los Angeles | ||
| 245 | |a La construcción metodológica en a investigación cualtiativa: |b un acercamiento al campo de la subjetividad / |c Valeria de los Angeles Bedacarrastx | ||
| 520 | |a Conferencia sobre cuestiones metodológicas que atañen a la investigación cualitativa. Se plantean nociones tales como la multirreferencialidad, el uso de un modelo cualitativo como una decisión ideológica y epistemológica, más que técnica, y una breve reseña de los modelos existentes. Se concluye que la metodología cualitativa está estrechamente dependiente de la teoría que la sustenta. | ||
| 590 | |a EFU/MAYO2011 | ||
| 650 | |a 1.CIENCIAS SOCIALES | ||
| 650 | |a 2.METODOS DE INVESTIGACION | ||
| 650 | |a 3.TEORIA | ||
| 650 | |a 4.EPISTEMOLOGIA | ||
| 650 | |a 5.ARGENTINA | ||
| 773 | |g páginas 101-115 | ||
| 999 | |c 32763 |d 32763 | ||
